Footballeurs par image en A - Statistiques

Statistiques générales
  • Ce quiz a été pris 155 fois
  • Le résultat moyen est 15 sur 20
Statistiques - réponses
Par images Réponse % Correct
Alisson
97%
Pierre-Emerick Aubameyang
95%
David Alaba
94%
Julian Álvarez
94%
Ronald Araujo
94%
Trent Alexander-Arnold
94%
Maghnes Akliouche
91%
Nathan Aké
90%
Waldemar Anton
90%
Antony
88%
Karim Adeyemi
80%
Francesco Acerbi
79%
Manuel Akanji
77%
Benjamin André
74%
Raúl Asencio
71%
Nayef Aguerd
65%
Rayan Aït-Nouri
60%
Robert Andrich
43%
Kerem Aktürkoğlu
17%
Samu Aghehowa
13%
Aucun quiz correspondant
Distribution des résultats
% des personnes avec chaque résultat
Percentile par nombre de réponses
Votre historique - résultats
Vous n’avez pas pris ce quiz